Obálka Náhled e-knihy:
PDF Epub
Pro půjčování e-knih musíte být přihlášeni.
Jak si půjčit online?

Super ségry 3 - Ticho, prosím! /

Lucy sa v škole zapojí do čitateľského maratónu, no doma sa na čítanie nemôže ani trochu sústrediť. V ich minidomčeku nie je totiž nikdy ticho. Ocko pozerá televíziu, mladšia sestra Zoe žuje žuvačky, nahlas vyfukuje bubliny, a dokonca ukazuje ich dom náhodným okoloidúcim. Má to však jeden háčik - ak...

Celý popis

Uloženo v:
Série:Super ségry, část 3
Hlavní autor: Richard Jacobson, Jennifer (Autor)
Médium: E-kniha
Jazyk:Czech
Vydáno: Praha : Albatros Media Slovakia s.r.o., 2025
Příbuzné jednotky:Z cyklu:: Super ségry
Tagy:
Žádné tagy
LEADER 01598nam a22002417i 4500
001 302671
007 ta
008 260514s2025 xr ||||| |||| 00| 0 cze d
020 |a 9788056644294 
044 |a xr 
100 1 |a  Richard Jacobson, Jennifer  |4 aut 
245 1 0 |a Super ségry 3 - Ticho, prosím! /  |c  Richard Jacobson, Jennifer 
240 1 0 |a Twig and Turtle: Quiet Please! 
264 1 |a Praha :  |b Albatros Media Slovakia s.r.o.,  |c 2025 
300 |a 1 online zdroj (112 stran) 
336 |a text  |b txt  |2 rdacontent 
337 |a bez média  |b n  |2 rdamedia 
338 |a online zdroj  |b cr  |2 rdacarrier 
520 2 |a Lucy sa v škole zapojí do čitateľského maratónu, no doma sa na čítanie nemôže ani trochu sústrediť. V ich minidomčeku nie je totiž nikdy ticho. Ocko pozerá televíziu, mladšia sestra Zoe žuje žuvačky, nahlas vyfukuje bubliny, a dokonca ukazuje ich dom náhodným okoloidúcim. Má to však jeden háčik - ak chce Lucy vyhrať, nesmie prestať čítať. Mama s ockom sa rozhodnú vyjsť Lucy v ústrety a zavedú nové pravidlá. Je šanca, že u nich bude niekedy ticho a pokoj? 
787 0 8 |g 3  |i Z cyklu:  |t Super ségry 
910 |a RBIT002 
998 |d 426907  |a https://core.palmknihy.cz/api/books/426907/cover?tesghi  |b https://core.palmknihy.cz/api/books/426907/cover/400?tesghi  |c https://core.palmknihy.cz/api/books/426907/cover/50?tesghi  |e 2029-07-22  |g 112  |i 9788056644294  |j https://core.palmknihy.cz/api/books/426907/preview.epub  |k https://core.palmknihy.cz/api/books/426907/preview.pdf  |l   |q 49  |r 1  |s https://www.palmknihy.cz/kniha/426907  |t ebook  |y 2025  |z 1  |v Super ségry  |w 3 
999 |d 302669